LEADER 01195nam a2200217 4500 001 000000339426 003 CaOOAMICUS 005 20250904143839.0 008 200213s1819 it 000 u ita r 026 $ailhe i.ei tao- appa (3) 1819 (A) 040 $aSeMil$bita 245 00$aTomo 3. 264 1$aIn Milano :$bPresso Pietro Agnelli in Santa Margarita,$c1819. 300 $a172 p. ;$c12° 773 0 $aTissot, Samuel Auguste André David <1728-1797>$tAvvertimenti al popolo sopra la sua salute del sig. Tissot ... Opera dalla francese nell'italiana favella recata, e di alcune annotazioni arricchita dal dott. Giampietro Pellegrini ... Aggiuntovi il saggio sullo scorbuto di mare del signor Addington ... Tomo 1. [-4.].$dIn Milano : Presso Pietro Agnelli in Santa Margarita, 1819.$bSesta edizione accresciuta, ed illustrata dal dott. Carlo Gandini$g3$w()339422 850 $aSeMil 852 $aSeMil$W1$xVenegono$y1$m3XC I 16 FA$j218594$B230517$CSeMilBibl$Z2$F230517 $8I 941 1 $a10 996 $6245$aTomo 3$9(OLS)http://semarc/title/53129 996 $6264$aIn Milano :$bPresso Pietro Agnelli in Santa Margarita$9(OLS)http://semarc/publisher/55503 LEADER 01143nam a2200253 i 4500 001 000000126210 003 CaOOAMICUS 005 20080805000000.0 008 080805s1942 it u000 u ita u 013 $a98913 040 $aSeMil$bita 100 1 $aWindelband, Wilhelm,$d<1848-1915>.$0(OLS)http://semarc/name/5574 245 13$aLa filosofia postkantiana /$cG. Windelband. 260 $aFirenze :$bVallecchi,$cstampa 1942. 300 $a275 p. ;$c21 cm. 490 0 $aCollana di filosofia e pedagogia 650 4$aFilosofia - Storia - Sec. 19.$0(OLS)http://semarc/subject/1811 700 1 $aOberdorfer, Aldo.$0(OLS)http://semarc/name/5575 773 0 $aWindelband, Wilhelm <1848-1915>$tStoria della filosofia moderna.$dFirenze : Vallecchi, stampa 1942.$kCollana di filosofia e pedagogia$g3$w()11584 830 0$aCollana di filosofia e pedagogia.$0(OLS)http://semarc/title/15325 850 $aSeMil 852 $aSeMil$W1$xVenegono$y1$m2P IV 724$j80603$B80603$CSeMilBibl$Z2$F82825 $81 996 $6245$aLa filosofia postkantiana$9(OLS)http://semarc/title/186015 996 $6260$aFirenze :$bVallecchi$9(OLS)http://semarc/publisher/29768